<?xml version="1.0" encoding="UTF-8"?>
<record
    xmlns:xsi="http://www.w3.org/2001/XMLSchema-instance"
    xsi:schemaLocation="http://www.loc.gov/MARC21/slim http://www.loc.gov/standards/marcxml/schema/MARC21slim.xsd"
    xmlns="http://www.loc.gov/MARC21/slim">

  <leader>00348nam a2200133Ia 4500</leader>
  <controlfield tag="008">230411s9999    xx            000 0 und d</controlfield>
  <datafield tag="041" ind1=" " ind2=" ">
    <subfield code="a">eng</subfield>
  </datafield>
  <datafield tag="082" ind1=" " ind2=" ">
    <subfield code="a">C/004/SUH/B04996</subfield>
  </datafield>
  <datafield tag="100" ind1=" " ind2=" ">
    <subfield code="a">Suhail Ahmed</subfield>
  </datafield>
  <datafield tag="245" ind1=" " ind2=" ">
    <subfield code="a">Computer Education for Nurses</subfield>
  </datafield>
  <datafield tag="260" ind1=" " ind2=" ">
    <subfield code="b">Frontline Publications</subfield>
    <subfield code="a">Hyderabad</subfield>
    <subfield code="c">2006</subfield>
  </datafield>
  <datafield tag="300" ind1=" " ind2=" ">
    <subfield code="a">230p</subfield>
  </datafield>
  <datafield tag="999" ind1=" " ind2=" ">
    <subfield code="c">155537</subfield>
    <subfield code="d">155537</subfield>
  </datafield>
  <datafield tag="952" ind1=" " ind2=" ">
    <subfield code="0">0</subfield>
    <subfield code="1">0</subfield>
    <subfield code="4">0</subfield>
    <subfield code="7">0</subfield>
    <subfield code="8">C</subfield>
    <subfield code="a">BTIN</subfield>
    <subfield code="b">BTIN</subfield>
    <subfield code="d">2008-03-08</subfield>
    <subfield code="e">B.J.Medical Co-oprative College Stores</subfield>
    <subfield code="g">90.00</subfield>
    <subfield code="i">1805</subfield>
    <subfield code="l">0</subfield>
    <subfield code="o">C 004 SUH B04996</subfield>
    <subfield code="p">BTIN-BK-4996</subfield>
    <subfield code="r">2023-04-11 00:00:00</subfield>
    <subfield code="v">77.00</subfield>
    <subfield code="w">2008-03-08</subfield>
    <subfield code="y">BK</subfield>
    <subfield code="z">B04996</subfield>
  </datafield>
</record>
